Представление документа в формате MARC21

ПолеНазваниеЗначение
  Тип записи a
  Библиографический уровень m
001 Контрольный номер RU\infra-m\znanium\bibl\2235341
005 Дата корректировки 20260429142210.7
008 Кодируемые данные 260409s2025 RU g rus u
020 Индекс ISBN __
a ISBN 978-5-9614-3512-2
040 Источник каталогиз. __
a Служба первич. каталог. Общество с ограниченной ответственностью «ЗНАНИУМ»
041 Код языка издания __
a Код языка текста rus
044 Код страны публикации __
a Код страны публикации RU
080 Индекс УДК __
a Индекс УДК 15
084 Индекс другой классификации/Индекс ББК __
2 Источник индекса rubbk
a Индекс другой классификации/Индекс ББК 88
084 Индекс другой классификации/Индекс ББК __
2 Источник индекса okso
a Индекс другой классификации/Индекс ББК 37.03.01
084 Индекс другой классификации/Индекс ББК __
2 Источник индекса okso
a Индекс другой классификации/Индекс ББК 37.04.01
100 Автор __
a Автор Мур Г.
q Полное имя Мур Гарет
245 Заглавие __
a Заглавие Тренажер мозга: Как развить гибкость мышления за 40 дней
b Продолж. заглавия Практическое пособие
250 Сведения об издании __
a Основные сведения об издании 1
260 Выходные данные __
a Место издания Москва
b Издательство ООО "Альпина Паблишер"
c Дата издания 2026
300 Физическое описание __
a Объем 192 с.
520 Аннотация __
a Аннотация Вы — это ваш мозг. Ваш мозг обладает невероятным потенциалом и пришла пора раскрыть его в полной мере. Простые упражнения основанные на современных научных исследованиях помогут вам эффективнее использовать свои врожденные способности. Вы научитесь принимать более правильные решения быстрее и эффективнее думать. Эта программа упражнений поможет справиться с нервным напряжением повысить работоспособность и развить гибкость мышления. Тренируйтесь каждый день и уже через 40 дней вы увидите результат.
521 Примеч. о цел. назн. __
a Примеч. о целев. назн. Дополнительное профессиональное образование
650 Тематические рубрики __
a Основная рубрика Психология
x Основная подрубрика Популярная литература по психологии
655 Указ. предметных рубрик (устаревшее) __
a Жанр/ форма (устаревшее) Практическое пособие
856 Электронный адрес документа 4_
a Имя сервера/домена znanium.ru
m Помощь ebs_support@infra-m.ru
n Местонахождение сервера НИЦ ИНФРА-М
u URL https://znanium.ru/catalog/document?id=473610
856 Электронный адрес документа 48
a Имя сервера/домена znanium.ru
d Путь /cover/2235
f Электронное имя 2235341.jpg
q Тип электронного формата image/jpeg
u URL https://znanium.ru/cover/2235/2235341.jpg
911 __
u 0030=https://znanium.ru/catalog/document?id=473610